[Event "Lille Luce op 5th"]
[Site "Lille"]
[Date "2014.05.02"]
[Round "6"]
[White "Dumas, Victor"]
[Black "Warkentin, Jurgen"]
[Result "1-0"]
[WhiteElo "2082"]
[BlackElo "1878"]
[PlyCount "63"]
[EventDate "2014.04.28"]
[EventType "swiss"]
[EventRounds "9"]
[EventCountry "FRA"]
[SourceTitle "CBM 160 Extra"]
[Source "ChessBase"]
[SourceDate "2014.07.01"]
[SourceVersion "1"]
[SourceVersionDate "2014.07.01"]
[SourceQuality "1"]

1. e4 b6 2. d4 Bb7 3. Bd3 e6 4. Nc3 Ne7 5. Bg5 d6 6. Nge2 Nd7 7. 0-0 g6 8. f4 Bg7 9. f5 exf5 10. exf5 f6 11. Bh4 g5 12. Bf2 0-0 13. Ng3 d5 14. Re1 c5 15. Bf1 cxd4 16. Nb5 Ne5 17. Nxd4 Bc8 18. c3 Bd7 19. Qb3 Qc8 20. Rad1 Kh8 21. Bd3 Nxd3 22. Rxd3 Bxf5 23. Ngxf5 Nxf5 24. Ne6 Re8 25. Qxd5 Ne7 26. Qd7 Nf5 27. Qxc8 Raxc8 28. Rd7 Rc6 29. Nxg7 Rxe1+ 30. Bxe1 Rd6 31. Rxd6 Nxd6 32. Ne6 1-0

[Event "Lille Luce op 3rd"]
[Site "Lille"]
[Date "2012.04.25"]
[Round "3"]
[White "Warkentin, Jurgen"]
[Black "Duflou, Andre"]
[Result "1-0"]
[WhiteElo "1881"]
[BlackElo "1561"]
[PlyCount "53"]
[EventDate "2012.04.23"]
[EventType "swiss"]
[EventRounds "8"]
[EventCountry "FRA"]
[SourceTitle "CBM 148 Extra"]
[Source "ChessBase"]
[SourceDate "2012.06.22"]
[SourceVersion "1"]
[SourceVersionDate "2012.06.22"]
[SourceQuality "1"]

1. d4 Nf6 2. Nc3 d5 3. Bg5 Bf5 4. f3 c6 5. e3 Nbd7 6. Bd3 Bxd3 7. cxd3 e6 8. f4 Be7 9. Nf3 Ng4 10. Qd2 h6 11. Bxe7 Qxe7 12. h3 Ngf6 13. g4 g6 14. 0-0-0 h5 15. g5 Ng8 16. e4 Qd6 17. Kb1 Ne7 18. Ne5 Nxe5 19. fxe5 Qb4 20. Qf2 Nc8 21. Rhf1 0-0 22. Ne2 Qe7 23. Qe3 Nb6 24. Rf6 Nd7 25. Rdf1 Nxf6 26. gxf6 Qd7 27. Qh6 1-0

[Event "FRA-chT2 Nord 0708"]
[Site "France"]
[Date "2008.03.15"]
[Round "8.6"]
[White "Logel, Matthieu"]
[Black "Warkentin, Jurgen"]
[Result "0-1"]
[WhiteElo "2015"]
[BlackElo "1939"]
[PlyCount "74"]
[EventDate "2007.10.21"]
[EventType "team-tourn"]
[EventRounds "11"]
[EventCountry "FRA"]
[SourceTitle "EXT 2009"]
[Source "ChessBase"]
[SourceDate "2008.11.26"]
[SourceVersion "1"]
[SourceVersionDate "2008.11.26"]
[SourceQuality "1"]
[WhiteTeam "JEEN"]
[BlackTeam "Neuville en Ferrain"]
[WhiteTeamCountry "FRA"]
[BlackTeamCountry "FRA"]

1. e4 g6 2. d4 Bg7 3. Nc3 d6 4. Nf3 Nd7 5. Bc4 Nb6 6. Bb3 Nf6 7. Be3 0-0 8. Qd2 a5 9. a3 Be6 10. d5 Bc8 11. Bh6 Nbd7 12. h4 Bxh6 13. Qxh6 Ng4 14. Qd2 h5 15. Ng5 Nc5 16. Bc4 Ne5 17. Be2 f6 18. Nh3 Bd7 19. 0-0-0 b5 20. Bxb5 Bxb5 21. Nxb5 Nxe4 22. Qe3 Nc5 23. Nd4 Rb8 24. b3 Qd7 25. Nf4 Kh7 26. f3 c6 27. g4 hxg4 28. dxc6 Nxc6 29. Nxc6 Qxc6 30. Qxe7+ Kg8 31. b4 axb4 32. Rxd6 Nb3+ 33. Kb1 Qc3 34. Qe6+ Kh7 35. cxb3 bxa3 36. Rh2 Rxb3+ 37. Ka2 Rb2+ 0-1

[Event "FRA-chT2 Nord 0708"]
[Site "France"]
[Date "2007.11.25"]
[Round "3.6"]
[White "Warkentin, Jurgen"]
[Black "Rouze, Xavier"]
[Result "0-1"]
[WhiteElo "1948"]
[BlackElo "2050"]
[PlyCount "98"]
[EventDate "2007.10.21"]
[EventType "team-tourn"]
[EventRounds "11"]
[EventCountry "FRA"]
[SourceTitle "EXT 2009"]
[Source "ChessBase"]
[SourceDate "2008.11.26"]
[SourceVersion "1"]
[SourceVersionDate "2008.11.26"]
[SourceQuality "1"]
[WhiteTeam "Neuville en Ferrain"]
[BlackTeam "Henin Beaumont"]
[WhiteTeamCountry "FRA"]
[BlackTeamCountry "FRA"]

1. d4 d5 2. Nc3 Nc6 3. f3 e6 4. g3 Nge7 5. Bg2 Nf5 6. e3 Bd6 7. Nge2 Qf6 8. Nb5 e5 9. 0-0 0-0 10. Nxd6 Qxd6 11. c3 exd4 12. exd4 Re8 13. Qd3 Nce7 14. Bf4 Qb6 15. Kh1 Ng6 16. Rae1 Bd7 17. Bc1 Nd6 18. b3 Bb5 19. Qc2 Re7 20. Rf2 Rae8 21. Bf1 Qa6 22. a4 Bd3 23. Qd2 Nf5 24. Ng1 Rxe1 25. Bxd3 Qe6 26. Be2 Nxg3+ 27. hxg3 Qh3+ 28. Rh2 Qxg3 29. Rg2 Qh4+ 30. Rh2 R8xe2 31. Qxe2 Rxe2 32. Rxh4 Rc2 33. Rh5 Rxc1 34. Rxd5 Rxc3 35. Rd8+ Nf8 36. Kg2 Rxb3 37. Nh3 f6 38. Nf4 Kf7 39. d5 Ke7 40. Rc8 Rb2+ 41. Kg3 g5 42. Nd3 Rd2 43. Rxc7+ Kd6 44. Rc3 Nd7 45. Nf2 f5 46. Rc8 h5 47. Rh8 h4+ 48. Kg2 Ne5 49. Kf1 Nxf3 0-1

[Event "Avoine op 22nd"]
[Site "Avoine"]
[Date "2007.07.23"]
[Round "3"]
[White "Warkentin, Jurgen"]
[Black "Demanghon, Jonathan"]
[Result "0-1"]
[WhiteElo "1994"]
[BlackElo "2206"]
[PlyCount "52"]
[EventDate "2007.07.21"]
[EventType "swiss"]
[EventRounds "9"]
[EventCountry "FRA"]
[SourceTitle "EXT 2010"]
[Source "ChessBase"]
[SourceDate "2010.11.25"]
[SourceVersion "1"]
[SourceVersionDate "2010.11.25"]
[SourceQuality "1"]

1. d4 d5 2. Nc3 e6 3. g3 Nf6 4. Bg2 c5 5. Nf3 Nc6 6. 0-0 Be7 7. Re1 0-0 8. e3 Rb8 9. Ne2 b5 10. c3 Qc7 11. Nd2 e5 12. e4 Be6 13. dxe5 Nxe5 14. Nf4 Rbd8 15. Qe2 d4 16. cxd4 cxd4 17. Nxe6 fxe6 18. Qxb5 Nfg4 19. f4 d3 20. h3 a6 21. Qb3 Qc5+ 22. Kh1 Nf2+ 23. Kh2 Neg4+ 24. hxg4 Nxg4+ 25. Kh1 Qh5+ 26. Kg1 Bc5+ 0-1

[Event "Avoine op 22nd"]
[Site "Avoine"]
[Date "2007.07.21"]
[Round "1"]
[White "Warkentin, Jurgen"]
[Black "Blanche, Paul"]
[Result "0-1"]
[WhiteElo "1994"]
[BlackElo "2128"]
[PlyCount "36"]
[EventDate "2007.07.21"]
[EventType "swiss"]
[EventRounds "9"]
[EventCountry "FRA"]
[SourceTitle "EXT 2010"]
[Source "ChessBase"]
[SourceDate "2010.11.25"]
[SourceVersion "1"]
[SourceVersionDate "2010.11.25"]
[SourceQuality "1"]

1. d4 d5 2. Nc3 Nf6 3. f3 c5 4. Bg5 cxd4 5. Bxf6 gxf6 6. Qxd4 e6 7. e4 Nc6 8. Bb5 Bd7 9. Qd2 d4 10. Nd1 Qb6 11. a4 0-0-0 12. Ne2 Rg8 13. g3 Ne5 14. Bxd7+ Rxd7 15. Qf4 d3 16. a5 Qa6 17. Nec3 dxc2 18. Nf2 Bh6 0-1

[Event "Le Touquet op 21st"]
[Site "Le Touquet"]
[Date "2006.10.31"]
[Round "5"]
[White "Pirouelle, Michel"]
[Black "Warkentin, Jurgen"]
[Result "0-1"]
[WhiteElo "1700"]
[BlackElo "2026"]
[PlyCount "74"]
[EventDate "2006.10.28"]
[EventType "swiss"]
[EventRounds "9"]
[EventCountry "FRA"]
[SourceTitle "EXT 2007"]
[Source "ChessBase"]
[SourceDate "2006.11.23"]
[SourceVersion "1"]
[SourceVersionDate "2006.11.23"]
[SourceQuality "1"]

1. d4 g6 2. e4 Bg7 3. Nc3 d6 4. h3 Nd7 5. Nf3 c5 6. d5 a6 7. Bd3 b5 8. 0-0 f6 9. Bf4 Nh6 10. Re1 Nf7 11. Qd2 0-0 12. Rad1 Qc7 13. a3 Nde5 14. Nxe5 dxe5 15. Be3 Bd7 16. Nb1 c4 17. Be2 f5 18. exf5 gxf5 19. f4 Nd6 20. Bf3 e4 21. Be2 Rac8 22. c3 Nb7 23. Bd4 Bf6 24. Qe3 Rf7 25. Nd2 Bxd4 26. cxd4 Qd6 27. Nf1 Qxd5 28. Ng3 Nd6 29. Nh5 Kh8 30. Rc1 Ne8 31. Ng3 Nf6 32. Red1 Rg7 33. b3 Qg8 34. Nh5 Rxg2+ 35. Kh1 Nxh5 36. Bxh5 Rg3 37. Bf7 Qg7 0-1

[Event "Fouesnant op 11th"]
[Site "Fouesnant"]
[Date "2005.10.27"]
[Round "7"]
[White "Warkentin, Jurgen"]
[Black "Entem, Alan"]
[Result "1/2-1/2"]
[WhiteElo "2011"]
[BlackElo "2136"]
[PlyCount "67"]
[EventDate "2005.10.22"]
[EventType "swiss"]
[EventRounds "9"]
[EventCountry "FRA"]
[SourceTitle "EXT 2007"]
[Source "ChessBase"]
[SourceDate "2006.11.23"]
[SourceVersion "1"]
[SourceVersionDate "2006.11.23"]
[SourceQuality "1"]

1. d4 g6 2. Nc3 Bg7 3. f3 c5 4. d5 d6 5. e4 Nf6 6. Be3 Na6 7. Qd2 Nc7 8. Bh6 0-0 9. h4 Nh5 10. Bxg7 Kxg7 11. 0-0-0 Ng3 12. Rh2 Nxf1 13. Rxf1 h5 14. Nh3 b5 15. Nf2 Rh8 16. g4 b4 17. Ncd1 e6 18. c4 Rb8 19. b3 Qf6 20. Qb2 Qxb2+ 21. Kxb2 Bd7 22. Ne3 exd5 23. exd5 hxg4 24. fxg4 Rbe8 25. Nfd1 Re7 26. h5 Re4 27. Rhf2 Re7 28. Re1 Bxg4 29. Nf5+ Bxf5 30. Rxe7 Ne8 31. Ne3 Kf6 32. Rxa7 Rxh5 33. Nxf5 Rxf5 34. Rxf5+ 1/2-1/2

[Event "FRA-chT3 North 0304"]
[Site "France"]
[Date "2004.04.04"]
[Round "9.8"]
[White "Minet, Julien"]
[Black "Warkentin, Jurgen"]
[Result "1/2-1/2"]
[WhiteElo "1599"]
[BlackElo "2008"]
[PlyCount "89"]
[EventDate "2003.11.??"]
[EventType "team-tourn"]
[EventRounds "9"]
[EventCountry "FRA"]
[SourceTitle "EXT 2006"]
[Source "ChessBase"]
[SourceDate "2005.11.24"]
[SourceVersion "1"]
[SourceVersionDate "2005.11.24"]
[SourceQuality "1"]
[WhiteTeam "Baisieux"]
[BlackTeam "Neuville en Ferrain"]
[WhiteTeamCountry "FRA"]
[BlackTeamCountry "FRA"]

1. e4 g6 2. d4 Bg7 3. Nf3 d6 4. Be2 Nd7 5. 0-0 e5 6. dxe5 Nxe5 7. Nxe5 Bxe5 8. f4 Bg7 9. c4 Ne7 10. Nc3 Bd7 11. Bf3 Bc6 12. Nd5 0-0 13. Bg4 Bxd5 14. exd5 f5 15. Bf3 a5 16. a4 Nc8 17. Rb1 Nb6 18. b3 Nd7 19. Be3 Qf6 20. Qd2 Rfe8 21. Bf2 Qc3 22. Qxc3 Bxc3 23. g4 Nf6 24. gxf5 gxf5 25. c5 dxc5 26. Bxc5 b6 27. Bf2 Ne4 28. Bxe4 fxe4 29. Rfc1 Bd2 30. Rxc7 Bxf4 31. Rc4 Bd2 32. Bh4 Ra7 33. Kf1 Rg7 34. Bg3 Rg5 35. d6 Rd5 36. Ke2 Bb4 37. Rd1 Rxd1 38. Kxd1 Rd8 39. Rxe4 Bxd6 40. Rd4 Be7 41. Rxd8+ Bxd8 42. Ke2 Kf7 43. Kd3 Ke6 44. Kc4 Kd7 45. h3 1/2-1/2

[Event "FRA-chT3 North 0304"]
[Site "France"]
[Date "2003.11.16"]
[Round "3.7"]
[White "Dubuisson, Thomas"]
[Black "Warkentin, Jurgen"]
[Result "1-0"]
[WhiteElo "1916"]
[BlackElo "2008"]
[PlyCount "98"]
[EventDate "2003.11.??"]
[EventType "team-tourn"]
[EventRounds "9"]
[EventCountry "FRA"]
[SourceTitle "EXT 2006"]
[Source "ChessBase"]
[SourceDate "2005.11.24"]
[SourceVersion "1"]
[SourceVersionDate "2005.11.24"]
[SourceQuality "1"]
[WhiteTeam "Charleville Mezieres"]
[BlackTeam "Neuville en Ferrain"]
[WhiteTeamCountry "FRA"]
[BlackTeamCountry "FRA"]

1. e4 g6 2. Bc4 c6 3. Qf3 e6 4. e5 d5 5. exd6 Qxd6 6. Qc3 f6 7. Nf3 Nd7 8. 0-0 Ne7 9. Re1 Nd5 10. Bxd5 cxd5 11. Nd4 Nc5 12. Nb5 Qd8 13. d4 a6 14. dxc5 axb5 15. Qd3 Kf7 16. Be3 Bd7 17. Nc3 b4 18. Nxd5 exd5 19. Qxd5+ Be6 20. Qxb7+ Be7 21. Qxb4 Qc7 22. Qc3 Rhc8 23. b4 Rxa2 24. Rxa2 Bxa2 25. Qd4 Qb7 26. Qh4 h5 27. Bd4 Be6 28. c3 Qd5 29. Qf4 g5 30. Qe3 Qc4 31. Qe4 h4 32. h3 Bf8 33. Qh7+ Bg7 34. Qh5+ Kg8 35. Qg6 Bf7 36. Qf5 Rc6 37. Qd7 Re6 38. Rxe6 Bxe6 39. Qd8+ Kh7 40. b5 Bf7 41. Qd7 Kg6 42. b6 Qe2 43. b7 Qb2 44. Qc7 Qb1+ 45. Kh2 Bd5 46. b8Q Qf1 47. f3 Qe2 48. Qd7 Bxf3 49. Qbe8+ Kh6 1-0

[Event "FRA-chT3 North 0304"]
[Site "France"]
[Date "2003.10.12"]
[Round "1.8"]
[White "Warkentin, Jurgen"]
[Black "Sergent, Francois"]
[Result "1-0"]
[WhiteElo "2008"]
[BlackElo "1680"]
[PlyCount "75"]
[EventDate "2003.11.??"]
[EventType "team-tourn"]
[EventRounds "9"]
[EventCountry "FRA"]
[SourceTitle "EXT 2006"]
[Source "ChessBase"]
[SourceDate "2005.11.24"]
[SourceVersion "1"]
[SourceVersionDate "2005.11.24"]
[SourceQuality "1"]
[WhiteTeam "Neuville en Ferrain"]
[BlackTeam "Boulogne sur Mer"]
[WhiteTeamCountry "FRA"]
[BlackTeamCountry "FRA"]

1. d4 Nf6 2. Nc3 d5 3. f3 c5 4. Bg5 cxd4 5. Qxd4 Nc6 6. Qa4 e5 7. e3 Be6 8. Bb5 Qb6 9. Nge2 Bc5 10. Bxf6 gxf6 11. e4 0-0-0 12. 0-0-0 dxe4 13. fxe4 Nd4 14. Nxd4 Rxd4 15. Nd5 Bxd5 16. Rxd4 Bxd4 17. exd5 Bg1 18. Qg4+ Kb8 19. Qe2 Bxh2 20. Bd3 Bf4+ 21. Kb1 Qd4 22. Be4 Be3 23. Rxh7 Rxh7 24. Bxh7 Qxd5 25. Qxe3 Qxg2 26. Be4 Qf1+ 27. Qc1 Qf2 28. a3 f5 29. Qd1 Kc7 30. Bd5 f6 31. Be6 Qd4 32. Qxd4 exd4 33. Bxf5 Kd6 34. Kc1 Ke5 35. Bd3 Kf4 36. Kd2 Kg4 37. Be4 b6 38. Kd3 1-0

[Event "FRA-chT3 Gr8 0203"]
[Site "France"]
[Date "2003.04.06"]
[Round "9"]
[White "Ambroise, Freddy"]
[Black "Warkentin, Jurgen"]
[Result "0-1"]
[WhiteElo "1790"]
[BlackElo "2057"]
[PlyCount "50"]
[EventDate "2002.10.??"]
[EventType "team-tourn"]
[EventRounds "9"]
[EventCountry "FRA"]
[SourceTitle "EXT 2005"]
[Source "ChessBase"]
[SourceDate "2004.11.15"]
[SourceVersion "1"]
[SourceVersionDate "2004.11.15"]
[SourceQuality "1"]

1. Nf3 g6 2. c4 Bg7 3. g3 d6 4. d4 Bd7 5. Bg2 Qc8 6. h3 Nf6 7. Nc3 Na6 8. Bg5 c6 9. e4 0-0 10. e5 dxe5 11. dxe5 Rd8 12. Qe2 Bf5 13. Rd1 Rxd1+ 14. Qxd1 Ne4 15. Nxe4 Bxe4 16. Bxe7 Bxe5 17. Nxe5 Bxg2 18. Nd7 c5 19. Rh2 Qc6 20. Nf6+ Kg7 21. Qe2 Nb4 22. a3 Bf3 23. Nh5+ gxh5 24. Qe5+ f6 25. Bxf6+ Qxf6 0-1

[Event "FRA-chT3 Gr8 0203"]
[Site "France"]
[Date "2003.02.02"]
[Round "6"]
[White "Thomas, Olivier"]
[Black "Warkentin, Jurgen"]
[Result "1-0"]
[WhiteElo "2147"]
[BlackElo "2057"]
[PlyCount "57"]
[EventDate "2002.10.??"]
[EventType "team-tourn"]
[EventRounds "9"]
[EventCountry "FRA"]
[SourceTitle "EXT 2005"]
[Source "ChessBase"]
[SourceDate "2004.11.15"]
[SourceVersion "1"]
[SourceVersionDate "2004.11.15"]
[SourceQuality "1"]

1. e4 g6 2. d4 Bg7 3. Nc3 d6 4. Nf3 Bg4 5. Be2 Nd7 6. Be3 e5 7. h3 Bxf3 8. Bxf3 Ne7 9. dxe5 Nxe5 10. Be2 a6 11. 0-0 b5 12. f4 Nc4 13. Bxc4 bxc4 14. Bd4 f6 15. Qe2 Nc6 16. Qxc4 Nxd4 17. Qxd4 0-0 18. f5 Bh6 19. Rad1 Rb8 20. b3 Rb6 21. Nd5 Rb5 22. fxg6 Bg7 23. gxh7+ Kh8 24. Rf5 Kxh7 25. c4 Rb7 26. Rh5+ Kg8 27. Nf4 c6 28. Qxd6 Qxd6 29. Rxd6 1-0

[Event "FRA-chT3 Gr8 0203"]
[Site "France"]
[Date "2003.01.19"]
[Round "5"]
[White "Warkentin, Jurgen"]
[Black "Gregoire, Thierry"]
[Result "0-1"]
[WhiteElo "2057"]
[BlackElo "2010"]
[PlyCount "114"]
[EventDate "2002.10.??"]
[EventType "team-tourn"]
[EventRounds "9"]
[EventCountry "FRA"]
[SourceTitle "EXT 2005"]
[Source "ChessBase"]
[SourceDate "2004.11.15"]
[SourceVersion "1"]
[SourceVersionDate "2004.11.15"]
[SourceQuality "1"]

1. d4 Nf6 2. Nc3 d5 3. Bg5 e6 4. e3 Nbd7 5. Nf3 Bb4 6. a3 Bxc3+ 7. bxc3 c5 8. c4 Qa5+ 9. Qd2 Qxd2+ 10. Nxd2 cxd4 11. exd4 0-0 12. Bd3 b6 13. f3 Ba6 14. Kf2 Rac8 15. cxd5 Bxd3 16. dxe6 Rxc2 17. exd7 Nxd7 18. Rhc1 Rfc8 19. Rxc2 Rxc2 20. g4 h6 21. Ke3 Ba6 22. Be7 Rc3+ 23. Kf2 Rd3 24. Ne4 Rxd4 25. Rc1 Ne5 26. Rc7 Nxg4+ 27. Kg3 Ne5 28. Rxa7 Bd3 29. Nc3 Bc4 30. Ra8+ Kh7 31. Rd8 Nc6 32. Rxd4 Nxd4 33. Bd8 b5 34. Bb6 Ne6 35. Nd1 Kg6 36. Ne3 Bd3 37. Nd5 Kf5 38. Nc3 Ke5 39. Kf2 f5 40. Ke3 Bc4 41. f4+ Kf6 42. Nb1 g5 43. fxg5+ hxg5 44. Nd2 f4+ 45. Kf2 Bd3 46. Nf3 g4 47. Ne1 Be4 48. Ng2 Kg5 49. Ba5 Bxg2 50. Kxg2 Nd4 51. Bd8+ Kf5 52. Be7 Ke4 53. Bf6 Nc2 54. Be7 Ke3 55. h4 gxh3+ 56. Kxh3 f3 57. Bc5+ Ke2 0-1

[Event "FRA-chT3 Gr8 0203"]
[Site "France"]
[Date "2002.11.16"]
[Round "2"]
[White "Warkentin, Jurgen"]
[Black "Lucas, Bernard"]
[Result "1-0"]
[WhiteElo "1980"]
[BlackElo "1770"]
[PlyCount "63"]
[EventDate "2002.10.??"]
[EventType "team-tourn"]
[EventRounds "9"]
[EventCountry "FRA"]
[SourceTitle "EXT 2005"]
[Source "ChessBase"]
[SourceDate "2004.11.15"]
[SourceVersion "1"]
[SourceVersionDate "2004.11.15"]
[SourceQuality "1"]

1. d4 d5 2. Nc3 Nf6 3. Bg5 e6 4. e3 Be7 5. Bd3 Nbd7 6. f4 h6 7. Bh4 c5 8. Nf3 Ng4 9. Bxe7 Qxe7 10. Qd2 Ngf6 11. h3 a6 12. 0-0 c4 13. Be2 Ne4 14. Nxe4 dxe4 15. Ne5 b5 16. a4 Bb7 17. axb5 axb5 18. Rxa8+ Bxa8 19. Qa5 0-0 20. Qxb5 Nxe5 21. fxe5 Qg5 22. Qxc4 Qxe3+ 23. Kh2 Bd5 24. Qb5 Qxd4 25. c4 Qxe5+ 26. Kh1 Rb8 27. Qd7 Rb7 28. Qc8+ Kh7 29. cxd5 Rxb2 30. dxe6 Rxe2 31. exf7 Qg3 32. Qf5+ 1-0

[Event "Le Touquet op 16th"]
[Site "Le Touquet"]
[Date "2001.10.27"]
[Round "1"]
[White "Villeneuve, Alain"]
[Black "Warkentin, Jurgen"]
[Result "0-1"]
[WhiteElo "2289"]
[BlackElo "2030"]
[PlyCount "90"]
[EventDate "2001.10.27"]
[EventType "swiss"]
[EventRounds "9"]
[EventCountry "FRA"]
[SourceTitle "EXT 2002"]
[Source "ChessBase"]
[SourceDate "2001.11.25"]
[SourceVersion "1"]
[SourceVersionDate "2001.11.25"]
[SourceQuality "1"]

1. d4 g6 2. e4 Bg7 3. c4 d6 4. Nc3 Nd7 5. f4 c5 6. Be3 cxd4 7. Bxd4 e5 8. fxe5 dxe5 9. Be3 Ne7 10. h4 h5 11. Nf3 0-0 12. Qc2 a6 13. 0-0-0 Qe8 14. Kb1 Nf6 15. Be2 Ng4 16. Bc5 f5 17. Nd5 Nxd5 18. exd5 f4 19. Bd3 Rf6 20. Ng5 b6 21. Bg1 Bf5 22. Ne4 Bxe4 23. Bxe4 Rc8 24. Rh3 Bf8 25. a3 Kg7 26. b4 a5 27. Rb3 Qa4 28. c5 axb4 29. axb4 Ra8 30. Kc1 Ne3 31. Rxe3 fxe3 32. Qxa4 Rxa4 33. d6 e2 34. Re1 Rf1 35. Bf2 bxc5 36. d7 Be7 37. Bg3 Kf6 38. Bd3 cxb4 39. Bxe2 Rxe1+ 40. Bxe1 Ke6 41. Bd3 Ra1+ 42. Kd2 Kxd7 43. Bg3 Ra2+ 44. Ke3 Rxg2 45. Bxe5 Bxh4 0-1